000 00629nas a2200217 4500
001 BR9503788
003 BR-BrBNA
005 20231205094357.0
007 ta
008 230509b bl.|||p| |||| 00| 00por d
040 _aBR-BrBNA
_bpor
_cBiblioteca Nacional de Agricultura
041 _a(Pt)
072 _aH20
100 1 _aAnon.
245 1 _aFasciolose significa prejuizo, mas ela pode ser controlada
650 _aGado Leiteiro
650 _aFasciolose
773 0 _tBalde Branco (Brazil)
_xISSN 0005-4275
_g(Apr 1994), v. 30(354) p. 34-36
_wBR9503788
909 _a202311
_bLúcia
_c55
_dLúcia Elande
942 _2AGRIS
_n0
_cANA
999 _c143907
_d143907